Vakataka heritage: Indian culture at the crossroads (Record no. 394852)

MARC details
000 -LEADER
fixed length control field 00519 a2200193 4500
005 - DATE & TIME
control field 20260424161941.0
008 - FIXED-LENGTH DATA ELEMENTS--GENERAL INFORMATION
fixed length control field 260424b |||||||| |||| 00| 0 eng d
020 ## - ISBN
International Standard Book Number 9789360800642
Price Rs. 2095.00
040 ## - CATALOGING SOURCE
Original cataloging agency VIVEKANANDA LIBRARY
082 ## - DDC NUMBER
Classification number 954.01
Book Number B179V
100 ## - MAIN ENTRY--PERSONAL NAME
Personal name Bakker, Hans T, ed.
245 ## - TITLE STATEMENT
Title Vakataka heritage: Indian culture at the crossroads
260 ## - PUBLICATION, DISTRIBUTION, ETC. (IMPRINT)
Name of publisher, distributor, etc Manohar Publishers
Date of publication, distribution, etc 2025
Place of publication, distribution, etc New Delhi
300 ## - PHYSICAL DESCRIPTION
Pages viii, 196
650 ## - Subject
Subject History
650 ## - Subject
Subject India- History
650 ## - Subject
Subject Ancient India
942 ## - ADDED ENTRY ELEMENTS (KOHA)
Koha item type Books
Holdings
Withdrawn status Lost status Source of classification or shelving scheme Damaged status Not for loan Location (home branch) Sublocation or collection (holding branch) Shelving location Date acquired Koha issues (times borrowed) Koha full call number Accession No. Koha date last seen Koha item type
    Dewey Decimal Classification     VIVEKANANDA LIBRARY VIVEKANANDA LIBRARY Vivekananda Library 05/02/2026   954.01 B179V 438192 05/02/2026 Books
© Designed and Maintained by Vivekananda Library, MDU Rohtak